000 02063cam a22004574i 4500
003 PE-LiUPU
005 20250731165401.0
008 150928s2007 pe grm 000 0 spa d
035 _a(Sirsi) a154647
040 _aPE-LiUPU
_bspa
_cPE-LiUPU
_erda
099 _aTE 3
_bM79 2007
100 1 _aMorán Condezo, Josué Arturo
_eautor
245 1 _aModelo EFQM-IFA de evaluación de la gestión de calidad educativa y de la integración fe y aprendizaje en las Instituciones Educativas Adventistas /
_cJosué Arturo Morán Condezo.
264 0 _c2007.
300 _a181 hojas
_c31 cm
336 _atext
_2rdacontent
337 _aunmediated
_2rdamedia
338 _avolume
_2rdacarrier
502 _aTesis
_b(Mg.) --
_cUniversidad Peruana Unión,
_d2007.
504 _aIncluye referencias
520 3 _aEl presente trabajo de investigación es exploratoria-descriptiva y pertenece al área de las Ciencias de la Educación en la disciplina de organización educativa. El objetivo es contribuir en la eficiencia de las Instituciones Educativas Adventista (IEA) proponiendo el modelo denominado EFQ-IFA, que permite evaluar la calidad de la gestión de las mismas considerando la integración Fe y Aprendizaje. Este modelo permitirá que las IEA puedan realizar una autoevaluación que ayudara a mejorar las estrategias y lineamientos necesarios para alcanzar mejores niveles de calidad en los procesos y logros al final de cada año lectivo.
526 _aSEG44
526 _aSEG26
526 _aP151
526 _aP150
526 _aP149
526 _aP146
526 _aP145
526 _aP126
526 _aP125
526 _aP92
526 _aP75
526 _aP74
526 _aP27
526 _aP15
650 0 4 _aAdministración educativa
_xCalidad de la educación
_vTesis.
650 0 4 _aEducación adventista
_vTesis.
596 _a1
942 _2ddc
_cTESIS
999 _aTE 3 M79 2007
_wALPHANUM
_c7351
_iT01012
_lCCODEBUL3
_mBUL
_r1
_sY
_tTESIS
_u2015-9-28
_xPOSGRADO
_PP57
_o.STAFF. Tesis
_d7351
980 _81
_gALBERTO SANCHEZ Responsable de Automatización